000
00272nam a2200109Ia 4500
999
_c
17937
_d
17937
082
_a
RK.0142
100
_a
Kakkar, S.B.
245
0
_a
Personality characteristics and educational problems of scheduled class students
260
_c
1990
300
_a
123p.
942
_c
TH
_2
ddc